000 02227nam a22002297a 4500
003 Uzh_bibl
008 260525b |||||||| |||| 00| 0 ukr d
020 _a978-0-00-787479-8
_c100.00
040 _bукр.
041 _2eng
_aeng
080 _a821(410)
090 _a821(410)
_bМ 83
100 _a Morpurgo, Michael
245 _aCOOL
_hText
_cil.Michael Foreman
260 _aLondon
_b HarperCollins Publishers UK
_c2003
300 _a104 s.
_bil.
520 _aНадихаюча нова історія Майкла Морпурго про Роббі, хлопчика в комі, який став жертвою автокатастрофи. Замкнений у власній голові, здатний чути, але не рухатися чи говорити, Роббі намагається не зануритися ще глибше в непритомність. Роббі, футбольний фанат і любитель тварин, одного дня біжить за своїм собакою Лакі, коли той ганяється за котом і його збиває машина. Без свідомості Роббі лежить у лікарні, не може говорити, рухатися чи їсти. Але він чує; Він усвідомлює це, хоча його родина та друзі цього не знають. У його голові ми чуємо думки Роббі; про маму і сестру, чому його батьки розлучені. Його друзі та родина відчайдушно намагаються зв'язатися з ним — навіть Зола, його улюблений футболіст «Челсі», приходить до нього. І все одно Роббі не може «прокинутися». Поки одного дня, порушуючи правила лікарні, тато приводить Лакі до лікарні. Чи зможе Лакі повернути Роббі до життя?
521 _aДля підлітків
546 _aукр.
650 _aЛітературно-художне видання
942 _2udc
_cBK
999 _c18027
_d18027